000 00420nam a22001697a 4500
003 OSt
008 240203b |||||||| |||| 00| 0 eng d
020 _a978 81 8348 841 9
041 _aeng
082 _a658.002 SRI/IB
100 _aSrivastava V S
_95817
245 _aIBPS Bank PO 20 practice Sets
260 _aNew Delhi
_bArihant Publications
300 _a584
650 _aBanking exam guide
_95816
942 _cBK
999 _c13835
_d13835